• 首页
  • 本馆介绍
  • 公告通知
  • 最新文献
  • 馆藏检索
  • 电子资源
  • 读者导购
  • 参考咨询
  • 我的图书馆
  • 登录
  • 详细信息显示
  • 放入我的书架
  • 预约/预借图书
  • 作者相关作品
  • 分类相关作品
  • 丛书相关作品
  • 出版社相关作品

书目信息

  • 表格格式
  • 工作单格式
  • 卡片格式
题名:
再现:阿瑟·丹托的艺术哲学思想研究
    
 
作者: 周静 著
分册:  
出版信息: 北京   社会科学文献出版社·经济与管理分社  2019
页数: 201页
开本: 24cm
丛书名:
单 册:
中图分类: J0-02
科图分类:
主题词: 艺术哲学--研究
电子资源:
ISBN: 978-7-5201-4557-2
000 01237nam0 2200253 450
001 012001012664
005 20140108183342.0
010    @a978-7-5201-4557-2@dCNY79.00
100    @a20190731d2019 em y0chiy50 ea
101 0  @achi@eeng
102    @aCN@b110000
105    @ay az 000yy
106    @ar
200 1  @a再现:阿瑟·丹托的艺术哲学思想研究@9zai xian:a se · dan tuo de yi shu zhe xue si xiang yan jiu@dRepresentation: Arthur C. Danto's philosophy of art@f周静著@zeng
210    @a北京@c社会科学文献出版社·经济与管理分社@d2019
215    @a201页@d24cm
320    @a有书目(第188-201页)
330    @a本书将再现作为丹托艺术哲学乃至其整个哲学体系的核心概念,从而将其艺术哲学与其整个哲学体系、与西方传统艺术哲学、与当代其他哲学思潮联系起来,构建其艺术再现本体论、艺术史哲学及艺术批评为一体的再现论艺术哲学体系,在理论和视角上具有创新性。丹托的再现论艺术哲学思想既坚持了本质主义的立场,又兼具了历史主义和多元主义的内涵,在当代文艺批评中具有很强的实践性,同时对当代中国的文艺理论建构也有着重要的启示意义。
510 1  @aRepresentation: Arthur C. Danto's philosophy of art@zeng
606 0  @a艺术哲学@x研究
690    @aJ0-02@v5
701  0 @a周静@9zhou jing@4著
801  0 @aCN@b上海新华@c20191020
905    @b1208124-7@dJ0-02@e514@f4
    
    再现:阿瑟·丹托的艺术哲学思想研究=Representation: Arthur C. Danto's philosophy of art/周静著.-北京:社会科学文献出版社·经济与管理分社,2019
    201页;24cm
    
    
    ISBN 978-7-5201-4557-2:CNY79.00
    本书将再现作为丹托艺术哲学乃至其整个哲学体系的核心概念,从而将其艺术哲学与其整个哲学体系、与西方传统艺术哲学、与当代其他哲学思潮联系起来,构建其艺术再现本体论、艺术史哲学及艺术批评为一体的再现论艺术哲学体系,在理论和视角上具有创新性。丹托的再现论艺术哲学思想既坚持了本质主义的立场,又兼具了历史主义和多元主义的内涵,在当代文艺批评中具有很强的实践性,同时对当代中国的文艺理论建构也有着重要的启示意义。
●
相关链接 在E读中查询图书 在五车中查询图书 在当当中查询图书 在豆瓣中查询图书


正题名:再现:阿瑟·丹托的艺术哲学思想研究     索取号:J0-02/514         预约/预借

序号 登录号 条形码 馆藏地/架位号 状态 备注
1 1208124   212081245   第一样本阅览室/ [索取号:J0-02/514] 在馆    
2 1208125   212081254   第一借阅区/ [索取号:J0-02/514] 在馆    
3 1208126   212081263   第一借阅区/ [索取号:J0-02/514] 在馆    
4 1208127   212081272   第一借阅区/ [索取号:J0-02/514] 在馆    
唐山师范学院图书馆 欢迎您!
大连网信软件有限公司© 版权所有